Name Every Rollercoaster In Australia - Statistics

General Stats
  • This quiz has been taken 5 times
  • The average score is 15 of 31
Answer Stats
Hint Answer % Correct
Movie World Dc Rivals Hypercoaster
100%
Sea World Leviathan
100%
Superman Escape
100%
Luna Park Sydney Big Dipper
67%
Boomerang
67%
Green Lantern Coaster
67%
Little Nipper
67%
Scooby-Doo Spooky Coaster
67%
Dream World Steel Taipan
67%
Wild Mouse
67%
Adventure World Abyss
33%
Big Red Boat
33%
Bug Run
33%
Aussie World Dingo Racer
33%
Dragon Express
33%
Flight of the Wicked Witch
33%
Gold Coaster
33%
Jet Rescue
33%
Jungle Rush
33%
Kansas Twister
33%
Kenny's Forest Flyer
33%
Mining Racer Coaster
33%
Motorcoaster
33%
Gumbaya World Project Zero
33%
Road Runner Rollercoaster
33%
Magic Mountain Merimbula Sapphire Speedster
33%
Luna Park Melbourne Scenic Railway
33%
Speedy Beetle
33%
Spongebob's Boating School Blast
33%
Storm Coaster
33%
TNT
33%
No matching quizzes found
Score Distribution
Percent of People with Each Score
Percentile by Number Answered
Your Score History
You have not taken this quiz